header

The politics of contemporary European cinema (Record no. 25756)

MARC details
000 -LEADER
fixed length control field 01455nam a2200325Ia 4500
082 04 - DEWEY DECIMAL CLASSIFICATION NUMBER
Classification number 791.43658094
100 1# - MAIN ENTRY--AUTHOR NAME
Personal name Wayne, Mike.
245 14 - TITLE STATEMENT
Title The politics of contemporary European cinema
260 ## - PUBLICATION, DISTRIBUTION, ETC. (IMPRINT)
Place of publication Bristol :
Name of publisher Intellect,
Year of publication 2002.
300 ## - PHYSICAL DESCRIPTION
Number of Pages ix, 146 p.
650 #0 - SUBJECT ADDED ENTRY--TOPICAL TERM
Topical Term Motion pictures
Topical Term Politics in motion pictures.
856 40 - ELECTRONIC LOCATION AND ACCESS
Uniform Resource Identifier http://site.ebrary.com/lib/rucke/Doc?id=10015830

No items available.

© 2026 Rongo University
Contact us: librarian | system librarian | Rongo university